Charmed Cast List Quiz Stats

 Plays Quiz not verified by Sporcle

Score 0/37 Timer 15:00
0 Plays Today
Actor/Actress Character % Correct
Alyssa MilanoPhoebe Halliwell
91.6%
Holly Marie CombsPiper Halliwell
91.4%
Shannen DohertyPrudence Halliwell
90.7%
Rose McGowanPaige Matthews
89.9%
Brian KrauseLeo Wyatt
89.5%
Kaley CuocoBillie Jenkins
85.6%
Julian McMahonBelthazor
85.2%
Drew FullerChris Perry
83.6%
Dorian GregoryInspector Darryl Morris
82.4%
Ted (T.W.) KingInspector Andrew Trudeau
76.6%
Greg VaughanDan Gordon
72.3%
Jennifer RhodesPenelope Halliwell
70.7%
Finola HughesPatricia Halliwell
70.7%
Nick LacheyLeslie St. Claire
68.9%
James ReadVictor Bennett
60.4%
Eric DaneJason Dean
60.1%
Ivan SergeiHenry Mitchell
59.4%
Charisma CarpenterThe Seer
56.6%
Kerr SmithKyle Brody
55.7%
Actor/Actress Character % Correct
Billy DragoBarbas
54.5%
Victor WebsterCupid
53.3%
Balthazar GettyRichard Montana
53.3%
Marnette PatersonChristy Jenkins
53%
Rebecca BaldingElise Rothman
52.9%
Oded FehrZankou
50.4%
Karis Paige BryantJenny Gordon
49%
Gildart JacksonGideon
45.2%
Billy ZaneDrake Demon
44.1%
Jason & Kristopher SimmonsLittle Wyatt
41.8%
Wes RamseyAdult Wyatt Halliwell
38.7%
Sandra ProsperSheila Morris
36.7%
Jason LewisDex Lawson
35.9%
Jenya LanoInspector Sheridan
31.1%
Jesse WoodrowGlen Belland
29.9%
Scott JaeckSam Wilder
27.9%
Amanda SicklerSophie
20.9%
David ReiversBob Cowan
19%

You're not logged in!

Compare scores with friends on all Sporcle quizzes.
OR
Log In

Show Comments

Extras

Created Nov 17, 2010ReportNominate
Tags:charmed

Top Quizzes Today


Score Distribution

Your Account Isn't Verified!

In order to create a playlist on Sporcle, you need to verify the email address you used during registration. Go to your Sporcle Settings to finish the process.

Report this User

Report this user for behavior that violates our Community Guidelines.

Details: